| 000 | 01230cab a2200253 4500 | ||
|---|---|---|---|
| 001 | ABS55071 | ||
| 008 | 090401t1996 xxu||||| |||| 00| 0 eng d | ||
| 035 | _a(Sirsi) u13968 | ||
| 041 | _aeng | ||
| 245 | _aMidland Bank plc v Serter and Serter | ||
| 260 | _c1996 | ||
| 350 | _a0 | ||
| 490 |
_aProperty and Compensation Reports _v[1996] 71 P&CR 264-277(7) |
||
| 520 | _aCA 2 March 1995. The first defendant, husband of the second defendant, was a sponsored name at Lloyds and required security in order to remain so. Both husband and wife signed the registration of a charge against their home in order to raise the bank guarantee. When the husband defaulted on the payments, the wife argued that the charges had not been explained to her and she had signed the registration only under undue influence from her husband. The High Court judge had made an order for possession, the second defendant appealed against this decision, appeal dismissed. | ||
| 650 | _aEXPLANATION | ||
| 650 | _aLEGAL CHARGES | ||
| 650 | _aMATRIMONIAL HOMES | ||
| 650 | _aMIDLAND BANK PLC V SERTER AND ANOTHER | ||
| 650 | _aMORTGAGES | ||
| 650 | _aSURETY | ||
| 690 | _aPROPERTY LAW AND PRACTICE-CASE LAW | ||
| 942 | _n0 | ||
| 948 | _c04/03/1997 | ||
| 999 |
_c9034 _d9034 |
||